000 01107nam a22001937a 4500
005 20260123083652.0
008 230713b ||||| |||| 00| 0 eng d
040 _cSSBUL
_dSSBUL
082 _223
_a၉၂၂.၉၄၃ ခင် ၁၆၀၆၀ (S-SAT)
100 _aခင်သန်းမြင့်။
_927868
245 _aကျွန်မဖခင် မင်္ဂလာဦးဘသန်း /
_cခင်သန်းမြင့်။
260 _aရန်ကုန်၊
_bသိန်းထိုက်ရတနာပုံနှိပ်တိုက်၊
_c၁၉၈၁။
300 _a၁၁၆ စာမျက်နှာ၊
_bဓာတ်ပုံများ၊
_c၂၂ စင်တီ။
500 _aS-SAT: Dr. Prof Sai Aung Tun
650 _aဘာသာရေးအတ္ထုပ္ပတ္တိ။
_927869
650 _2အတ္ထုပ္ပတ္တိ။
_aဘသန်း၊
_vဦး၊ မင်္ဂလာ-
_z(၁၈၉၂- ၁၉၇၃)
_927870
650 _aမြန်မာနိုင်ငံ
_xအတ္ထုပ္ပတ္တိ။
_927871
942 _2ddc
_cBK1
999 _c27121
_d27121